Alle "Stadt"-Städte Deutschlands - Statistiken

Allgemein
  • Dieses Quiz wurde 635 mal gespielt
  • Das Durchschnittsergebnis liegt bei 16 aus 83
Antwortstatistiken
- Einwohner Stadt BL % Korrekt
-stadt 159.631 Darmstadt HE
73%
-stadt 138.016 Ingolstadt BY
67%
Stadt- 21.121 Stadtallendorf HE
43%
Stadt- 22.210 Stadthagen NI
43%
-stadt 53.491 Neustadt an der Weinstraße RP
42%
-stadt 38.682 Halberstadt ST
38%
-stadt 27.330 Arnstadt TH
37%
-stadt 49.667 Erftstadt NW
35%
-stadt 45.737 Albstadt BW
34%
-stadt 44.796 Neustadt am Rübenberge NI
34%
-stadt 15.277 Bad Neustadt an der Saale BY
33%
-stadt 24.885 Pfungstadt HE
32%
-stadt 22.919 Eisenhüttenstadt BB
31%
-stadt 15.288 Neustadt in Holstein SH
31%
-stadt 68.007 Lippstadt NW
30%
-stadt 23.704 Freudenstadt BW
29%
-stadt 13.319 Neustadt an der Aisch BY
29%
-stadt 24.450 Rudolstadt TH
29%
-stadt 25.942 Weiterstadt HE
29%
-stadt 45.814 Filderstadt BW
26%
-stadt 10.719 Glückstadt SH
26%
-stadt 26.902 Weinstadt BW
26%
-städt 10.436 Burgstädt SN
25%
-stadt 14.495 Neustadt an der Donau BY
23%
-stadt 5.709 Neustadt an der Waldnaab BY
22%
-stadt 20.403 Schifferstadt RP
22%
-stadt 20.097 Duderstadt NI
21%
-stadt 2.593 Friedrichstadt SH
21%
-stadt 13.840 Grünstadt RP
21%
-stadt 3.387 Neustadt (Dosse) BB
21%
-stadt 16.899 Heilbad Heiligenstadt TH
20%
-stadt 14.864 Karlstadt BY
20%
-stadt 10.177 Neustadt (Hessen) HE
20%
Stadt- 5.613 Stadtoldendorf NI
20%
Stadt- 6.570 Stadtroda TH
20%
-stadt 6.969 Neustadt-Glewe MV
19%
-stadt 11.823 Neustadt in Sachsen SN
19%
-stadt 21.345 Seligenstadt HE
19%
Stadt- 8.376 Stadtilm TH
18%
-stadt 18.416 Bergneustadt NW
17%
-stadt 21.001 Groß-Umstadt HE
17%
-stadt 13.632 Höchstadt an der Aisch BY
17%
-städt 6.860 Höchstädt an der Donau BY
17%
-stadt 14.315 Immenstadt im Allgäu BY
17%
-stadt 3.306 Ludwigsstadt BY
17%
-stadt 9.022 Neustadt an der Orla TH
17%
-stadt 16.430 Bürstadt HE
15%
-stadt 6.924 Ebermannstadt BY
15%
-stadt 25.176 Lennestadt NW
15%
-stadt 5.515 Mellrichstadt BY
15%
-stadt 16.078 Michelstadt HE
15%
-stadt 14.951 Neustadt bei Coburg BY
15%
Stadt- 20.458 Stadtlohn NW
15%
-stadt 6.449 Burgkunstadt BY
14%
Stadt- 3.118 Stadtsteinach BY
14%
-städt 8.849 Bad Lauchstädt ST
13%
-stadt 5.196 Diemelstadt HE
13%
-stadt 15.011 Ober-Ramstadt HE
13%
-stadt 18.195 Schwalmstadt HE
13%
Stadt- 1.555 Stadt Wehlen SN
13%
-städt 6.847 Dingelstädt TH
12%
-stadt 8.798 Florstadt HE
12%
-stadt 23.931 Riedstadt HE
12%
-stadt 7.468 Münnerstadt BY
11%
-stadt 12.197 Titisee-Neustadt BW
11%
-stadt 9.116 Freystadt BY
10%
-städt 15.981 Markranstädt SN
10%
-stadt 1.130 Neustadt am Kulm BY
10%
Stadt- 15.307 Stadtbergen BY
10%
-stadt 8.795 Hallstadt BY
9%
-stadt 10.211 Neuenstadt am Kocher BW
9%
-stadt 452 Ummerstadt TH
8%
-stadt 3.094 Weißenstadt BY
8%
-stadt 8.189 Wörrstadt RP
8%
-stadt 3.758 Johanngeorgenstadt SN
7%
-stadt 1.271 Liebstadt SN
7%
-stadt 2.539 Jöhstadt SN
5%
-stadt 3.213 Bernstadt auf dem Eigen SN
4%
-stadt 3.112 Eibelstadt BY
4%
Stadt- 1.522 Stadtprozelten BY
4%
-stadt 3.115 Prichsenstadt BY
2%
-stadt 5.662 Waibstadt BW
2%
-stadt 2.143 Veringenstadt BW
1%
Keine übereinstimmenden Quizze gefunden
Verteilung der Resultate
Anzahl Personen mit jedem Resultat
Perzentil nach korrekt beantworteten Fragen
Ihre Resultats-Entwicklung
Sie haben dieses Quiz noch nicht gespielt